000 00649nam a2200229 i 4500
001 62623
003 ES-MaACL
005 20230906164713.0
007 t|
008 031124s1984 sp ||||1| spa d
020 _a84-85741-25-0
100 1 _aHeredero, Carlos F.
_9147769
245 1 0 _aJohn Huston /
_cCarlos Fernández Heredero.
260 _a[Madrid] :
_bEdiciones JC,
_c[1984]
300 _a224 p. :
_bil. ;
_c19 cm.
490 1 _aDirectores de cine ;
_v14
504 _aFilmografĂ­a: p. 204-224.
600 1 4 _aHuston, John.
_964826
830 1 _aDirectores de cine ;
_v14
_9181872
852 _aES-MaACL
_jL-6610
999 _c62623
_d62623